000 00561nam a2200193 a 4500
001 1777708523913
003 YourLibrary
005 20260502132953.0
008 260502s1999##################000#0#eng##
020 _a9789041112989
082 0 4 _a343.083
_bIFA
100 1 _aStaff, International Fiscal Association,
_eauthor.
245 1 0 _aPractical Experience with the OECD Transfer Pricing Guidelines :
260 _bSpringer,
_c1999.
300 _a72 pages
650 0 _aBusiness & Economics.
942 _cENGLISH
040 _aYourLibrary
_beng
_cYourLibrary
999 _c622015
_d622015